Transforming learning with new technologies / (Record no. 276791)
[ view plain ]
| 000 -LEADER | |
|---|---|
| fixed length control field | 01243cam a22003258a 4500 |
| 001 - CONTROL NUMBER | |
| control field | 17486261 |
| 005 - DATE AND TIME OF LATEST TRANSACTION | |
| control field | 20141111143240.0 |
| 008 - FIXED-LENGTH DATA ELEMENTS--GENERAL INFORMATION | |
| fixed length control field | 121005s2014 mau b 001 0 eng |
| 010 ## - LIBRARY OF CONGRESS CONTROL NUMBER | |
| LC control number | 2012036825 |
| 020 ## - INTERNATIONAL STANDARD BOOK NUMBER | |
| International Standard Book Number | 9780133155716 |
| 020 ## - INTERNATIONAL STANDARD BOOK NUMBER | |
| International Standard Book Number | 0133155714 |
| 040 ## - CATALOGING SOURCE | |
| Original cataloging agency | DLC |
| Transcribing agency | DLC |
| Modifying agency | DLC |
| 042 ## - AUTHENTICATION CODE | |
| Authentication code | pcc |
| 050 00 - LIBRARY OF CONGRESS CALL NUMBER | |
| Classification number | LB 1044.87 |
| Item number | .T73 2014 |
| 082 00 - DEWEY DECIMAL CLASSIFICATION NUMBER | |
| Classification number | 378.1/7344678 |
| 100 1# - MAIN ENTRY--PERSONAL NAME | |
| Personal name | Maloy, Robert W. |
| 245 10 - TITLE STATEMENT | |
| Title | Transforming learning with new technologies / |
| Statement of responsibility, etc | Robert W. Maloy, University of Massachusetts Amherst, Ruth-Ellen Verock-O'Loughlin, University of Massachusetts Amherst, Sharon A. Edwards, University of Massachusetts Amherst, Beverly Park Woolf University of Massachusetts Amherst. |
| 250 ## - EDITION STATEMENT | |
| Edition statement | 2nd ed. |
| 260 ## - PUBLICATION, DISTRIBUTION, ETC. (IMPRINT) | |
| Place of publication, distribution, etc | Boston : |
| Name of publisher, distributor, etc | Pearson, |
| Date of publication, distribution, etc | c2014. |
| 263 ## - PROJECTED PUBLICATION DATE | |
| Projected publication date | 1301 |
| 300 ## - PHYSICAL DESCRIPTION | |
| Extent | 355 pages : |
| Other physical details | colored illustrations ; |
| Dimensions | 27 cm. |
| 500 ## - GENERAL NOTE | |
| General note | Previous edition cataloged under title. |
| 504 ## - BIBLIOGRAPHY, ETC. NOTE | |
| Bibliography, etc | Includes bibliographical references and index. |
| 650 #0 - SUBJECT ADDED ENTRY--TOPICAL TERM | |
| Topical term or geographic name as entry element | Internet in education. |
| 650 #0 - SUBJECT ADDED ENTRY--TOPICAL TERM | |
| Topical term or geographic name as entry element | Computer-assisted instruction. |
| 730 0# - ADDED ENTRY--UNIFORM TITLE | |
| Uniform title | Transforming learning with new technologies. |
| 906 ## - LOCAL DATA ELEMENT F, LDF (RLIN) | |
| a | 7 |
| b | cbc |
| c | orignew |
| d | 1 |
| e | ecip |
| f | 20 |
| g | y-gencatlg |
| 942 ## - ADDED ENTRY ELEMENTS (KOHA) | |
| Source of classification or shelving scheme | Library of Congress Classification |
| Koha item type | Books |
| Call number prefix | Foreign |
| Withdrawn status | Lost status | Source of classification or shelving scheme | Damaged status | Home library | Current library | Shelving location | Date acquired | Source of acquisition | Sub Shelving location | Total Checkouts | Total Renewals | Full call number | Barcode | Date last seen | Date checked out | Price effective from | Koha item type |
|---|---|---|---|---|---|---|---|---|---|---|---|---|---|---|---|---|---|
| Library of Congress Classification | College Library | College Library | Reserve Section | 11/11/2014 | Library Fund | 2 | 3 | LB 1044.87 .T73 2014 | C18911 | 09/07/2018 | 08/16/2018 | 11/11/2014 | Books | ||||
| Library of Congress Classification | College Library | College Library | Reserve Section | 12/10/2014 | Library Fund | 1 | 1 | LB 1044.87 .T73 2014 | C19022 | 05/15/2018 | 09/07/2017 | 12/10/2014 | Books |